000 00815nam a2200229Ia 4500
001 9193
003 GE_BSU
008 181216s||||||||xx |||||||||||||| ||und||
040 _cGE_BSU
080 _a821.353.1-11
100 _aლორთქიფანიძე,კონსტანტინე
245 _aმუშა გამომგონებელი
245 _bპოემა.ბოლშევიკური ახალი წერილი
245 _cრედ.გ.ნატროშვილი.მხატვ. ს.ცინცაძე
260 _aთბილისი
260 _bფედერაცია
260 _c1932
300 _a30გვ.15სმ.
653 _aმუშა გამომგონებელი
653 _aპოემა
942 _cBK
999 _c42496
_d42496